000 00891pam a2200277 i 4500
001 52201
003 BD-RjUL
005 20211209075752.0
008 160906r20052004nyua 00110 eng
020 _a0070594074
035 _a(BD-RjUL)
040 _aDLC
_cDLC
_dm.c.
_dBD-RjUL
_beng
041 _aeng
082 _223
_a339
_bDOM 2005
100 1 _aDornbusch, Rudiger
_95987
245 1 0 _aMacroeconomics /
_cRudiger Dornbusch, Stanley Fischer, Richard Startz
250 _a9th ed., Tata McGraw-Hill Reprint ed.
260 _aNew Delhi :
_bTata McGraw-Hill publishing co. Ltd.,
_cc2004 [Reprint 2005]
300 _aviii, 613 p. :
_bill. ;
_c24 cm.
500 _aIncludes index.
650 0 _aMacroeconomics.
_95854
650 0 _aNational income
_xAccounting.
_95988
700 _aFischer, Stanley, jt. auth.
_9119056
700 _aStartz, Richard, jt. auth.
_9156142
942 _2ddc
_cBK
999 _c52201
_d52201